000 01095cam a22002777a 4500
005 20220329141147.0
008 971010s1985 r 00010 d
010 _a63636
011 _a64608
035 _a70342
090 _aTesis
100 0 0 _aValle Guadarrama, Salvador.
_9117597
245 0 _aEvaluación de diferentes preparaciones de absorbentes de etileno a base de permanganato de potasio para el control de la maduración de frutas de aguacate (Persea americana Mill) C.V. Fuerte
260 _aChapingo, Méx. :
_bEl autor,
_c1985
300 _a104 h.
502 _aTesis (Ing. Agr. Esp. en Industrias Agrícolas) . -- UACH. Departamento de Industrias Agrícolas
590 _aALEPH
_b10
_c20130110
_lUCH01
_h1346
590 _aBATCH-UPD
_b10
_c20130110
_lUCH01
_h1452
590 _aBATCH-UPD
_b10
_c20130410
_lUCH01
_h0918
590 _aBATCH-UPD
_b10
_c20130913
_lUCH01
_h2303
590 _aCONVERSION
_b10
_c20130109
_lUCH01
_h1334
650 1 4 _aAguacate
_xMaduración.
_92531
650 1 4 _aEtileno
_xEfecto en plantas.
_938604
901 _aBK
949 _bIA
_cTES
_d-2693
_eTS1
_i70342
_si
999 _c63636
_d63636